NLP entry (Chinese)

Bibliographic Details
Main Author: Knight, Hugh
Format: Book
Published: Taibei : Shanghai People's Publishers , 2006
Subjects:

MARC

LEADER 00000cam a2200000 7i4500
001 0000026345
005 20090511.0
008 090511
020 |a 7208063168 
090 0 0 |a 158.9   |b KNI 
100 1 |a Knight, Hugh 
245 1 0 |a NLP entry (Chinese)   |c Hugh Knight 
260 |a Taibei :   |b Shanghai People's Publishers ,   |c 2006 
650 0 |a Neurolinguistic programming   |x case studies 
999 |a 0001037148   |b Book   |c Chinese Collection   |e Perbadanan Perpustakaan Awam Johor